000 00493nam a2200181 4500
001 119331
003 ES-MaACL
005 20230906191306.0
007 t|
008 070214s1911 it r ||||1| ita d
100 1 _aPieczynska, E.
_991899
245 1 3 _aLa scuola de la purezza /
_cE. Pieczynska ; tradusse: Marie Ercego.
250 _a1ยช ed.
260 _aPadova :
_bIn. Cammino,
_c1911.
300 _a150 p. ;
_c19 cm.
700 1 _aErcego, Marie.
_947361
852 _aES-MaACL
_jD-1846
999 _c119331
_d119331